00000000nam##2200000za#4500
0019.622199
003CaOODSP
00520200401035158
007ta
008150406|1993||||xxc|||||     f|0| 0 fre|d
040 |aCaOODSP|bfre
043 |an-cn---
0861 |aFs97-6/1912F
1101 |aCanada. |bMinistère des pêches et des océans.
24510|aDescription histologique du développement des ovocytes chez le maquereau bleu (Scomber scombrus L.) du golfe du Saint-Laurent / |cpar Isabelle d'Auteuil et François Grégoire.
260 |aOttawa - Ontario : |bPêches et Océans Canada |c1993.
300 |a23p. : |bplaques en couleur, figures, références, tableaux ; |c28 cm.
4901 |aRapport technique canadien des sciences halieutiques et aquatiques|v1912
500 |aPréparé à la Division des poissons et de l'océanographie des pêches, Ministère des Pêches et des Océans, Institut Maurice-Lamontagne, C.P. 1000, 850, route de la Mer, Mont-Joli (Québec) G5H 3Z4.
546 |aAbstracts in English
563 |aCouverture souple
69107|aPêcheries|2gcpds
69107|aPoisson de mer|2gcpds
7201 |aGrégoire, François
7201 |aD'Auteuil, Isabelle
7760#|tDescription histologique du développement des ovocytes chez le maquereau bleu (Scomber scombrus L.) du golfe du Saint-Laurent / |w(CaOODSP)9.604010
830#0|aRapport technique canadien des sciences halieutiques et aquatiques ;|v1912|w(CaOODSP)9.513051